Random Trivia Questions #2 - Statistics

General Stats
  • This quiz has been taken 89 times
  • The average score is 6 of 11
Answer Stats
Question Answer % Correct
In what city is the tallest building in the world located? Dubai
96%
What is an eight-sided shape called? Octagon
95%
Which math theorem states that in a right triangle, A² + B² = C²? Pythagorean Theorem
92%
Who did the U.S. purchase the Louisiana Territory from? France
73%
What do you call a group of porcupines? A Prickle
62%
What is the diameter of the average basketball hoop? 18 Inches
45%
M&M’S Fruit Chews would eventually become what popular candy? Starbursts
33%
What is the only planet in our solar system to rotate clockwise on its axis? Venus
31%
What country uses approximately four billion miles of toilet paper each year? China
21%
How many legs does a lobster have? 10
18%
What fast food chain once used the slogan “Think outside the bun”? Taco Bell
18%
No matching quizzes found
Score Distribution
Percent of People with Each Score
Percentile by Number Answered
Your Score History
You have not taken this quiz